LEADER 00818nam0-22003011i-450- 001 990003880930403321 010 $a1-56827-194-8 035 $a000388093 035 $aFED01000388093 035 $a(Aleph)000388093FED01 035 $a000388093 100 $a20020326d1997---- kmy0itay50------ba 101 0 $aita 102 $aIT 200 1 $aSPSS missing value analysis 7.5$fSPSS$zversione italiana 210 $aBologna$cSPSS Italia$dc1997 215 $avii, 11 p.$cill.$d23 cm 610 0 $aStatistica computazionale 610 0 $aSoftware statistico 676 $a005.362 710 11$aSPPS$0374125 801 0$aIT$bUNINA$gRICA$2UNIMARC 901 $aBK 912 $a990003880930403321 952 $aVII-C-140$b8802$fMAS 959 $aMAS 996 $aSPSS missing value analysis 7.5$9516409 997 $aUNINA